00498nam a2200181 i 4500001001100000003000500011005001700016008004100033040002500074245002000099264005000119336002100169337002500190338002300215700001100238700003600249700003100285C2-0312852PPAK20180729001310.0111024s2000 my |||| ||||| | eng d aPPAKbengcPPAKerda10aBeethoven's 4th 1a[Kuala Lumpur] : bUniversal Studios , c2000 2rdacontentatext 2rdamediaaunmediated 2rdacarrieravolume eauthor1 aEvans, David Mickey, ecompile1 aO'Meara, Timothy, eeditor